Statistics for Solange Discography

Click here to take the quiz!

General Stats

  • This quiz has been taken 6 times
  • The average score is 3 of 5

Answer Stats

TypeYearName% Correct
Album2016A Seat at the Table
100%
Album2002Solo Star
100%
EP2012True
75%
Compilation2013Saint Heron
0%
Album2008Sol-Angel and the Hadley St. Dreams
0%

Score Distribution

Percentile by Number Answered

Percent of People with Each Score

Your Score History

You have not taken this quiz